ბათუმის შოთა რუსთაველის სახელმწიფო უნივერსიტეტის ბიბლიოთეკა

ჩანაწერი Personal Name

ჩანაწერთა რაოდენობა, რომელიც გამოყენებულია: 1

001 - CONTROL NUMBER

  • control field: 15625

003 - CONTROL NUMBER IDENTIFIER

  • control field: GE_BSU

005 - DATE AND TIME OF LATEST TRANSACTION

  • control field: 20221028120846.0

008 - FIXED-LENGTH DATA ELEMENTS

  • fixed length control field: 221028|| aca||aabn | a|a d

040 ## - CATALOGING SOURCE

  • Original cataloging agency: GE_BSU
  • Transcribing agency: GE_BSU

100 ## - HEADING--PERSONAL NAME

  • Personal name: სიხარულიძე, ი.
  • Relator term: რედაქტორი

670 ## - SOURCE DATA FOUND

  • Source citation: Work cat.: (GE_BSU): აბუსელიძე, გიორგი 3844, ტბელ აბუსერისძის ეპოქის სამხრეთ-დასავლეთ საქართველო (ეკონომიკური მდგომარეობა) = South-Western Georgia of Tbel Abuserisdze Epoch (Economical Situation) = Sued-westliches Georgien der Epoche von Tbel Abuserisdse (wirtschaftlicher Zustand) = Юго-западная Грузия Эпохи Тбел Абусерисдзе (экономическое положение) /